Statistiken für Beliebteste männliche Vornamen der 1950er

Klicken Sie hier um das Quiz zu spielen!

Allgemein

  • Dieses Quiz wurde 1.274 mal gespielt
  • Das Durchschnittsergebnis liegt bei 52 aus 100

Antwortstatistiken

Antwort% Korrekt
Hans
87%
Peter
87%
Thomas
87%
Paul
83%
Karl
81%
Michael
81%
Dieter
78%
Johann
78%
Klaus
76%
Stefan
76%
Heinz
75%
Bernd
73%
Christian
73%
Günther
73%
Jürgen
73%
Wolf
73%
Franz
72%
Friedrich
72%
Andre
71%
Wolfgang
71%
Johannes
70%
Werner
70%
Andreas
69%
Uwe
68%
Christoph
67%
Frank
67%
Gerhard
67%
Martin
65%
Walter
64%
Gerd
63%
Heinrich
63%
Manfred
63%
Georg
62%
Jan
62%
Norbert
62%
Ralf
62%
Alexander
61%
Helmut
61%
Rainer
61%
Wilhelm
61%
Erich
60%
Herbert
60%
Rolf
60%
Josef
59%
Horst
58%
Richard
58%
Rudolf
58%
Bernhard
57%
Joachim
56%
Robert
55%
Torsten
55%
Jens
54%
Matthias
53%
Ulrich
53%
Udo
52%
Ingo
51%
Jörg
51%
Kurt
51%
Alfred
49%
Hermann
49%
Detlev
47%
Ernst
47%
Olaf
47%
Siegfried
47%
Erwin
45%
Harald
42%
Roland
42%
Holger
41%
Hubert
41%
Reinhard
41%
Fred
40%
Volker
40%
Dietmar
38%
Carsten
37%
Achim
36%
Rüdiger
36%
Lothar
35%
Jochen
34%
Sven
34%
Wilfried
34%
Dirk
32%
Viktor
31%
Eberhard
30%
Ronald
30%
Kai
27%
Winfried
27%
Hartmut
26%
Lutz
24%
Axel
23%
Heiko
23%
Mario
23%
Reinhold
23%
Harry
22%
Heino
19%
Waldemar
19%
Eckard
17%
Burkhard
16%
Mohammed
15%
Ali
13%
Jörn
11%

Verteilung der Resultate

Perzentil nach korrekt beantworteten Fragen

Anzahl Personen mit jedem Resultat

Ihre Resultats-Entwicklung

Sie haben dieses Quiz noch nicht gespielt